000 00255nam a2200121 4500
008 190122s ||||xo d
245 1 0 _aEncyklopedia lietadiel
250 _a1. vydanie
020 _c0
041 1 _aslo
044 _axo
_cSK
958 _aAPR
999 _c22006
_d22006